Movies Quiz

Random Movies or Director Quiz

Every actor in a Scorsese and Tarantino film Quiz Stats

 Plays Quiz not verified by Sporcle

Challenge
Share
Tweet
Embed
Score 0/15 Timer 10:00
0 Plays Today
Hint Answer % Correct
The Aviator/Django UnchainedLeonardo DiCaprio
97.5%
Taxi Driver/Jackie BrownRobert DeNiro
92.1%
Taxi Driver/Reservoir DogsHarvey Keitel
87.6%
Goodfellas/Pulp FictionSamuel L. Jackson
82.2%
The Wolf of Wall Street/Django UnchainedJonah Hill
62.9%
Cape Fear/From Dusk Till DawnJuliette Lewis
61.9%
Bringing Out the Dead/true RomancePatricia Arquette
56.4%
After Hours/Pulp FictionRosanna Arquette
54.5%
Hint Answer % Correct
Mean Streets/Kill Bill Vol. 2David Carradine
46%
Bringing Out the Dead/Pulp FictionVing Rhames
39.6%
New York Stories/Reservoir DogsSteve Buscemi
35.1%
After Hours/From Dusk Till DawnCheech Marin
16.8%
Mean Streets/Four RoomsDavid Proval
6.4%
After Hours/True RomanceBronson Pinchot
5.9%
The Departed/True RomanceKevin Corrigan
4.5%

You're not logged in!

Compare scores with friends on all Sporcle quizzes.
OR
Log In

You Might Also Like...

Show Comments

Extras

Top Quizzes Today


Score Distribution

Your Account Isn't Verified!

In order to create a playlist on Sporcle, you need to verify the email address you used during registration. Go to your Sporcle Settings to finish the process.

Report this User

Report this user for behavior that violates our Community Guidelines.

Details: